Statistiques concernant Gouvernement français

Cliquez ici pour prendre le quiz!

Statistiques générales

  • Ce quiz a été pris 97 fois
  • Le résultat moyen est 12 sur 17

Statistiques - réponses

TitulaireMinistère% Correct
Najat Vallaud-BelkacemEducation nationale,Enseignement supérieur et Recherche
98%
Michel SapinEconomie et Finances
94%
Ségolène RoyalEnvironnement,Energie et Mer
93%
Marisol TouraineAffaires sociales et Santé
86%
Matthias FeklIntérieur
86%
Jean-Yves Le DrianDéfense
85%
Jean-Jacques UrvoasJustice
83%
Myriam El-KhomryTravail,Emploi,Formation professionnelle et Dialogue social
83%
Stéphane Le FollAgriculture,Agroalimentaire et Forêt
81%
Jean-Marc AyraultAffaires étrangères et Développement international
79%
Audrey AzoulayCulture et Communication
69%
Patrick KannerVille,Jeunesse et Sports
68%
Ericka BareigtsOutre-mer
54%
Emmanuelle CosseLogement et Habitat durable
49%
Laurence RossignolFamilles,Enfance et Droits des femmes
35%
Jean-Michel BayletAménagement du territoire,Ruralité,Collectivités territoriales
31%
Annick GirardinFonction publique
26%

Distribution des résultats

Percentile par nombre de réponses

% des personnes avec chaque résultat

Votre développement - résultats

Vous n’avez pas pris ce quiz